000 00551nam a2200217Ia 4500
003 GCL
008 140319s9999 xx 000 0 aRus d
040 _aGCL /
_cGCL
082 0 4 _aP
_b338.3727
_bF F
100 1 _aFAO
245 1 0 _aFISHERY STATISICS-CATCHES AND LANDINGS /
_cFAO
260 _a[S.N] :
_bFOOD AND AGRICULTURE ORGANIZATION OF THE ،
_c1994
300 _a677 P
650 0 4 _aSTATISTICS
650 0 4 _aFISH
650 0 4 _aPERIODICALS
650 0 4 _aFISHERY PROCESSING
650 0 4 _aFAO
650 0 4 _aYEAR BOOKS
942 _2ddc
_cCR
999 _c25860
_d25860